000 00720nam a2200217 a 4500
001 BRL_296
005 20190320210656.0
008 230713s1952----mx-o######---#000-0#eng-#
041 _aeng
044 _amx
050 4 _aNK7114.A1
_b.M87 1952
110 2 _aMuseo Nacional de Artes e Industrias Populares
_914244
245 1 0 _aMexican Silverwork 3.
260 _aMéxico
_bMuseo Nacional de Artes e Industrias Populares
_c1952
300 _a80 p.
_bil.
_c17 cm.
500 _aAu2328
500 _aCatálogo de la exposición realizada en el Museo Nacional de Artes e Industrias Populares (Mexican gold and silver craftsmanship)
650 1 4 _aPlatería
_vExposiciones
_zMéxico
_92960
902 _aGRL
942 _2lcc
_cB
999 _c9109
_d9109